Sapney Baat Nahin Kartay (Record no. 319234)

000 -LEADER
fixed length control field 00201 a2200097 4500
001 - CONTROL NUMBER
control field 84161
090 ## - LOCALLY ASSIGNED LC-TYPE CALL NUMBER (OCLC); LOCAL CALL NUMBER (RLIN)
-- 40047
-- 40046
100 ## - MAIN ENTRY--PERSONAL NAME
Personal name Amjad,Islam Amjad
245 ## - TITLE STATEMENT
Title Sapney Baat Nahin Kartay
260 ## - PUBLICATION, DISTRIBUTION, ETC.
Name of publisher, distributor, etc. Sang-e-Meel
942 ## - ADDED ENTRY ELEMENTS (KOHA)
Institution code [OBSOLETE] NUST-CAE
Holdings
Withdrawn status Lost status Damaged status Not for loan Collection code Permanent Location Current Location Date acquired Total Checkouts Barcode Date last seen Price effective from Koha item type
          College of Aeronautical Engineering (CAE) College of Aeronautical Engineering (CAE) 04/03/2017   CAEN-3976 04/05/2017 04/05/2017 Book
© 2023 Central Library, National University of Sciences and Technology. All Rights Reserved.